000 00389nam a2200133Ia 4500
005 20260326235503.0
008 260326s9999||||xx |||||||||||||| ||und||
100 _aRobison, Andrew
245 0 _aPiranesi :
_b Early Architectural fantasies - A catalogue of the etchings /
_cAndrew Robison
260 _bUniversity of Chicago Press
300 _a241 p.
650 _aARQUITECTOS
942 _cBK
999 _c8106
_d8106